Statistics for Literary Groups of Things 2

Click here to take the quiz!

General Stats

  • This quiz has been taken 599 times
  • The average score is 15 of 49

Answer Stats

HintAnswer% Correct
1984
88%
George Orwell Fictional NovelsAnimal Farm
77%
F.Scott Fitzgerald NovelsThe Great Gatsby
72%
Named Wizards in the Lord of the Rings seriesGandalf
70%
Henry Plays (IV-VI)
70%
Gothic Monster NovelsFrankenstein
64%
Through The Looking Glass
60%
Dracula
56%
The Pevensive Children in The Chronicles of NarniaLucy
54%
Peter
54%
Richard II
54%
Most well known Dostoevsky novelsCrime and Punishment
51%
Shakespeare History PlaysRichard III
51%
Julius Caesar
49%
Edmund
46%
Prongs
44%
Padfoot
43%
Susan
43%
Moony
40%
Saruman
40%
Macbeth
39%
Marauders in Harry PotterWormtail
35%
King Lear
32%
Antony & Cleopatra
28%
Radagast
23%
Wilfred Owen
23%
Books in the Alice in Wonderland SeriesAlice's Adventures In Wonderland
21%
King John
20%
Most Famous WW1 PoetsSigfried Sassoon
19%
The Idiot
15%
Tender is The Night
14%
Brave New World Class OrderAlpha
13%
Beta
13%
Delta
12%
Gamma
12%
Races in The Time MachineMorlocks
12%
Epsilon
11%
Eloi
10%
Rupert Brooke
7%
The Strange Case of Dr. Jekyll & Mr Hyde
7%
The Beautiful and The Damned
6%
This Side of Paradise
4%
Edward III
3%
Burmese Days
2%
Coming Up For Air
2%
A Clergyman's Daughter
1%
Robert Graves
1%
Keeping The Aspidistra Flying
0%
The Love of the Last Tycoon
0%

Score Distribution

Percentile by Number Answered

Percent of People with Each Score

Your Score History

You have not taken this quiz